| 000 | 00866cam a2200277 a 4500 | ||
|---|---|---|---|
| 008 | |||
| 020 | _a0397587929 (hbk.) | ||
| 049 | _aMAIN | ||
| 090 |
_aRD57 _bDIA |
||
| 245 | 0 | 0 |
_aDiagnostic surgical pathology _nvol. 1 / _c[edited by] Stephen S. Sternberg. |
| 250 | _a3rd ed. | ||
| 260 |
_aPhiladelphia : _bLippincott Williams & Wilkins, _cc1999. |
||
| 300 |
_axix, 1279 p. : _bill. (some col.) ; _c29 cm. |
||
| 504 | _aIncludes bibliographical references. | ||
| 500 | _aIncludes index. | ||
| 650 | 0 | _aPathology, Surgical. | |
| 650 | 2 | _aPathology, Surgical. | |
| 650 | 2 | _aDiagnostic Techniques, Surgical. | |
| 700 | 1 | _aSternberg, Stephen S. | |
| 700 | 1 | _aAntonioli, Donald A. | |
| 907 |
_a.b1035542x _b30-03-15 _c26-03-15 |
||
| 003 | |||
| 005 | 20230120204148.0 | ||
| 040 | _cNUST | ||
| 942 |
_cBOOKS _kRD57 _mDIA |
||
| 999 |
_c118261 _d118261 |
||